[Event "aut_ychb14 Deutschlandsberg"]
[Site "Deutschlandsberg, Laßnitzhaus"]
[Date "2006.??.??"]
[Round "5.6"]
[White "Ammann, Stephan"]
[Black "Stagl, Marco"]
[Result "0-1"]
[WhiteElo "1370"]
[BlackElo "1581"]
[PlyCount "92"]
[EventDate "2006.06.03"]

1. e4 d5 2. exd5 Qxd5 3. Nc3 Qa5 4. d4 c6 5. Bd2 Bf5 6. Nf3 e6 7. h3 Nf6 8. g4
Bg6 9. Bg2 Qc7 10. Ne5 Nbd7 11. Nxg6 hxg6 12. Qe2 O-O-O 13. O-O-O Nb6 14. Rhe1
Rxd4 15. Kb1 Nc4 16. Bc1 Rxd1 17. Rxd1 Nb6 18. Qf3 Nbd5 19. Nxd5 Nxd5 20. Qe4
Qb6 21. Qd3 Qc7 22. Qd4 Qb6 23. Qd3 Qxf2 24. Bxd5 exd5 25. Be3 Qg3 26. Qd4 Qc7
27. Qxa7 Rxh3 28. Bb6 Qb8 29. Qa4 Bd6 30. g5 Rf3 31. Rh1 Kd7 32. a3 Bc7 33. Ba7
Qe8 34. Qg4+ Rf5 35. Rh7 Qe4 36. Qg1 Qc4 37. b3 Rf1+ 38. Qxf1 Qxf1+ 39. Ka2 Qe2
40. Kb1 Qd1+ 41. Kb2 Be5+ 42. Bd4 Bxd4+ 43. c3 Qd2+ 44. Kb1 Bxc3 45. Rh2 Qd1+
46. Ka2 Qa1# 0-1

[Event "aut_ychb14 Deutschlandsberg"]
[Site "Deutschlandsberg, Laßnitzhaus"]
[Date "2006.??.??"]
[Round "5.7"]
[White "Wertjanz, Daniel"]
[Black "Schnegg, Daniel"]
[Result "0-1"]
[WhiteElo "1625"]
[BlackElo "1816"]
[PlyCount "52"]
[EventDate "2006.06.03"]

1. d4 Nf6 2. Nf3 e6 3. Bf4 c5 4. c3 Nc6 5. e3 d5 6. Bd3 cxd4 7. exd4 Bd6 8. Bg3
O-O 9. Qc2 Re8 10. Ne5 Qc7 11. Nxc6 bxc6 12. Bxd6 Qxd6 13. O-O e5 14. dxe5 Rxe5
15. f4 Re3 16. Qd2 Qc5 17. Kh1 a5 18. h3 Nh5 19. Kh2 Rxd3 20. Qxd3 Ba6 21. Qf3
Bxf1 22. Qxf1 Qe3 23. f5 Qe5+ 24. Kg1 Ng3 25. Qf3 Qe1+ 26. Kh2 Nf1+ 0-1

[Event "aut_ychb14 Deutschlandsberg"]
[Site "Deutschlandsberg, Laßnitzhaus"]
[Date "2006.??.??"]
[Round "5.9"]
[White "Riemelmoser, Stefan"]
[Black "Gerhold, Christoph"]
[Result "1-0"]
[WhiteElo "1581"]
[BlackElo "1634"]
[PlyCount "107"]
[EventDate "2006.06.03"]

1. e4 c5 2. Nf3 Nc6 3. d4 cxd4 4. Nxd4 Nf6 5. Nc3 e5 6. Ndb5 d6 7. Bg5 a6 8.
Na3 b5 9. Nd5 Be7 10. Bxf6 Bxf6 11. Nxf6+ Qxf6 12. c3 O-O 13. Qd2 Be6 14. Be2
Qe7 15. Nc2 Rfd8 16. Ne3 Qd7 17. O-O Rab8 18. Nd5 Ne7 19. Nxe7+ Qxe7 20. b3 d5
21. exd5 Rxd5 22. Qe3 f6 23. c4 Rd4 24. Rfc1 Qb4 25. a3 Qd2 26. b4 bxc4 27.
Qxd2 Rxd2 28. Bxc4 Bxc4 29. Rxc4 Rbd8 30. f3 Rb2 31. Rac1 Rdd2 32. Rg4 Ra2 33.
h4 Rd7 34. Rc3 g6 35. h5 g5 36. Rc6 Kg7 37. Rxa6 h6 38. a4 f5 39. Rc4 f4 40. a5
Rb2 41. Rb6 Re7 42. a6 g4 43. fxg4 e4 44. Rb7 Kf6 45. Rxe7 Kxe7 46. Rxe4+ Kd6
47. Rxf4 Kc6 48. Rf6+ Kc7 49. Rxh6 Rxb4 50. Rg6 Rb8 51. a7 Ra8 52. h6 Re8 53.
h7 Rf8 54. Rg8 1-0

[Event "aut_ychb14 Deutschlandsberg"]
[Site "Deutschlandsberg, Laßnitzhaus"]
[Date "2006.??.??"]
[Round "5.10"]
[White "Banczi, Thomas"]
[Black "Singer, Gerald"]
[Result "0-1"]
[WhiteElo "1415"]
[BlackElo "1669"]
[PlyCount "86"]
[EventDate "2006.06.03"]

1. e4 c6 2. Bc4 d5 3. exd5 cxd5 4. Bb5+ Bd7 5. Bxd7+ Nxd7 6. d4 e6 7. Nf3 Ngf6
8. Nc3 Bb4 9. Bd2 O-O 10. O-O a6 11. Ne5 b5 12. Bg5 Bxc3 13. bxc3 Qc7 14. Nxd7
Nxd7 15. Qg4 Kh8 16. Qf3 Rac8 17. Bd2 Nf6 18. Bf4 Qxc3 19. Qxc3 Rxc3 20. Rac1
Rfc8 21. f3 Rxc2 22. Rxc2 Rxc2 23. a3 h6 24. h3 Nd7 25. Rd1 Nb6 26. Rd3 Nc4 27.
Kh2 Ra2 28. Bc1 Ra1 29. Rc3 a5 30. Rc2 Nxa3 31. Bxa3 Rxa3 32. Rc5 b4 33. Rb5 b3
34. Kg3 a4 35. Kg4 Ra2 36. g3 g6 37. Kh4 b2 38. g4 a3 39. g5 h5 40. Rb7 Kg7 41.
Kg3 Ra1 42. h4 b1=Q 43. Rxb1 Rxb1 0-1

[Event "aut_ychg12 Deutschlandsberg"]
[Site "Deutschlandsberg, Laßnitzhaus"]
[Date "2006.??.??"]
[Round "5.1"]
[White "Froewis, Annika"]
[Black "Monadjem, Mina"]
[Result "1-0"]
[WhiteElo "1720"]
[BlackElo "1301"]
[PlyCount "31"]
[EventDate "2006.06.03"]

1. e4 c6 2. d4 d5 3. Nc3 Nf6 4. e5 Ne4 5. Nxe4 dxe4 6. Bc4 Qb6 7. Bb3 e6 8. c3
Qc7 9. Qc2 b6 10. Qxe4 g6 11. Nf3 Bb7 12. Qe2 Bg7 13. Bg5 O-O 14. h4 Ba6 15.
Qd2 Bh8 16. h5 1-0

[Event "aut_ychg12 Deutschlandsberg"]
[Site "Deutschlandsberg, Laßnitzhaus"]
[Date "2006.??.??"]
[Round "5.2"]
[White "Kessler, Michaela"]
[Black "Bauer, Valentina"]
[Result "1/2-1/2"]
[WhiteElo "1523"]
[BlackElo "1389"]
[PlyCount "61"]
[EventDate "2006.06.03"]

1. d4 d5 2. Nf3 Nc6 3. e3 Bg4 4. c4 e6 5. Nc3 Bb4 6. Bd3 dxc4 7. Bxc4 Nf6 8.
Bd2 O-O 9. Bd3 e5 10. h3 Bh5 11. g4 Bg6 12. Bxg6 fxg6 13. Nxe5 Nxe5 14. dxe5
Nd5 15. Nxd5 Qxd5 16. Rf1 Bxd2+ 17. Qxd2 Qxe5 18. O-O-O Rad8 19. Qxd8 Rxd8 20.
Rxd8+ Kf7 21. Rfd1 Qh2 22. R8d7+ Kf6 23. Kb1 Qxh3 24. Rxc7 Qxg4 25. Rd6+ Ke5
26. Rdd7 Qg1+ 27. Kc2 Qxf2+ 28. Kb3 Qxe3+ 29. Kc2 Qe2+ 30. Kc3 Qf3+ 31. Kc2
1/2-1/2

[Event "aut_ychg12 Deutschlandsberg"]
[Site "Deutschlandsberg, Laßnitzhaus"]
[Date "2006.??.??"]
[Round "5.3"]
[White "Wilfling, Sandra"]
[Black "Gerhold, Doris"]
[Result "1-0"]
[WhiteElo "1409"]
[BlackElo "1511"]
[PlyCount "113"]
[EventDate "2006.06.03"]

1. d4 d5 2. c4 c6 3. Nc3 e6 4. Nf3 Nf6 5. Bg5 h6 6. Bh4 Nbd7 7. e3 Qc7 8. Be2
dxc4 9. Bxc4 b5 10. Bd3 a6 11. Rc1 Qd8 12. O-O Bb7 13. Re1 c5 14. Ne4 c4 15.
Bc2 g5 16. Nxf6+ Nxf6 17. Bg3 Ne4 18. Rf1 h5 19. h3 g4 20. Bxe4 Bxe4 21. Nd2
Qd5 22. Nxe4 Qxe4 23. Qc2 Qd5 24. Be5 Rh6 25. e4 Qd8 26. Bf4 Rg6 27. hxg4 Rxg4
28. Be3 Qh4 29. f3 Rg6 30. Qf2 Qh3 31. Rfe1 f6 32. Kf1 Qh1+ 33. Qg1 Qh4 34. Bf2
Qf4 35. d5 e5 36. Rc3 Bb4 37. g3 Qh6 38. Be3 Qg7 39. Bf2 Bxc3 40. bxc3 Qe7 41.
g4 hxg4 42. fxg4 Qa3 43. Re2 Qxc3 44. Re3 Qa1+ 45. Be1 Qxa2 46. d6 Rd8 47. Bb4
Qb1+ 48. Be1 Rxd6 49. Kf2 Qc2+ 50. Re2 Qd1 51. Qh1 Qd4+ 52. Kf1 Rxg4 53. Qh5+
Ke7 54. Qxg4 Rc6 55. Bb4+ Kf7 56. Qh5+ Ke6 57. Qe8# 1-0

[Event "aut_ychg12 Deutschlandsberg"]
[Site "Deutschlandsberg, Laßnitzhaus"]
[Date "2006.??.??"]
[Round "5.4"]
[White "Tarmastin, Laura"]
[Black "Teufl, Franziska"]
[Result "1-0"]
[WhiteElo "1477"]
[BlackElo "1308"]
[PlyCount "73"]
[EventDate "2006.06.03"]

1. e4 e5 2. Nf3 Nc6 3. Bc4 Bc5 4. d3 d6 5. h3 h6 6. Be3 Bxe3 7. fxe3 Nf6 8. Nc3
Be6 9. Bb3 Qd7 10. Qe2 Nh5 11. Nxe5 dxe5 12. Qxh5 g6 13. Bxe6 Qxe6 14. Qf3 h5
15. Nd5 Qd6 16. Nf6+ Ke7 17. O-O Raf8 18. Rad1 Kd8 19. c3 Qe6 20. d4 exd4 21.
exd4 Qxa2 22. d5 Ne5 23. Qf4 Nc4 24. e5 Qxb2 25. Qxc4 Qb6+ 26. Kh1 Qe3 27. d6
c6 28. Qh4 Kc8 29. Ne4 f5 30. exf6 Re8 31. d7+ Kb8 32. dxe8=Q+ Rxe8 33. f7 Rf8
34. Rd8+ Rxd8 35. f8=Q Rxf8 36. Rxf8+ Kc7 37. Qd8# 1-0

[Event "aut_ychg12 Deutschlandsberg"]
[Site "Deutschlandsberg, Laßnitzhaus"]
[Date "2006.??.??"]
[Round "5.5"]
[White "Krivda, Manuela"]
[Black "Boehm, Beatrice"]
[Result "1/2-1/2"]
[WhiteElo "1398"]
[BlackElo "1200"]
[PlyCount "28"]
[EventDate "2006.06.03"]

1. e4 e6 2. Nf3 d5 3. e5 c5 4. d4 Nc6 5. c3 b6 6. Bb5 Bd7 7. O-O Nge7 8. Bg5
Qc7 9. Re1 Nf5 10. h3 a6 11. Ba4 b5 12. Bc2 Na5 13. b3 h6 14. Be3 Be7 1/2-1/2

[Event "aut_ychg12 Deutschlandsberg"]
[Site "Deutschlandsberg, Laßnitzhaus"]
[Date "2006.??.??"]
[Round "5.6"]
[White "Plessl, Ursula"]
[Black "Schnegg, Anna-Lena"]
[Result "0-1"]
[WhiteElo "1200"]
[BlackElo "1283"]
[PlyCount "56"]
[EventDate "2006.06.03"]

1. e4 e6 2. Nf3 d5 3. Bb5+ Nc6 4. exd5 exd5 5. Qe2+ Qe7 6. Qxe7+ Bxe7 7. Nc3
Nf6 8. Ne5 a6 9. Ba4 b5 10. Bb3 Nxe5 11. Nxd5 Nxd5 12. Bxd5 Rb8 13. d4 Ng6 14.
O-O O-O 15. f4 Bd6 16. f5 Nh4 17. Bg5 Nxf5 18. Rad1 h6 19. Bf4 Bxf4 20. Rxf4
Ne3 21. Bxf7+ Rxf7 22. Rxf7 Kxf7 23. Rd2 Bb7 24. Rf2+ Kg8 25. Re2 Nxg2 26. Rd2
Nh4 27. d5 Nf3+ 28. Kf2 Nxd2 0-1

[Event "aut_ychg14 Deutschlandsberg"]
[Site "Deutschlandsberg, Laßnitzhaus"]
[Date "2006.??.??"]
[Round "5.1"]
[White "Newrkla, Katharina"]
[Black "Gavric, Dragana"]
[Result "1-0"]
[WhiteElo "1700"]
[BlackElo "1311"]
[PlyCount "49"]
[EventDate "2006.06.03"]

1. e4 c5 2. Nf3 Nc6 3. d4 cxd4 4. Nxd4 Nf6 5. Nc3 e5 6. Ndb5 d6 7. Bg5 a6 8.
Na3 b5 9. Nd5 Be7 10. Bxf6 Bxf6 11. c3 O-O 12. Nc2 Bg5 13. Nce3 Be6 14. Bd3 g6
15. O-O f5 16. exf5 gxf5 17. f4 exf4 18. Nxf4 Qb6 19. Qd2 Rfe8 20. Kh1 h5 21.
Qf2 Ne5 22. Bc2 h4 23. Nxe6 Bxe3 24. Qxf5 Ra7 25. Qf8+ 1-0

[Event "aut_ychg14 Deutschlandsberg"]
[Site "Deutschlandsberg, Laßnitzhaus"]
[Date "2006.??.??"]
[Round "5.2"]
[White "Anker, Christin"]
[Black "Konrad, Jasmin"]
[Result "1-0"]
[WhiteElo "1364"]
[BlackElo "1471"]
[PlyCount "67"]
[EventDate "2006.06.03"]

1. e4 e5 2. Nf3 Nc6 3. Bc4 Nf6 4. Ng5 d5 5. exd5 Nxd5 6. Nxf7 Kxf7 7. Qf3+ Qf6
8. Bxd5+ Ke8 9. Bxc6+ bxc6 10. Qe3 Bd6 11. O-O Kf7 12. Nc3 Re8 13. Ne4 Qg6 14.
d3 Kg8 15. Bd2 Bf5 16. Rfe1 h6 17. Bc3 Bxe4 18. Qxe4 Qxe4 19. Rxe4 Re6 20. Rae1
Rae8 21. Ra4 Bc5 22. Rc4 Bd4 23. Kf1 Bxc3 24. Rxc3 a6 25. Re4 Kf7 26. Rec4 Rb8
27. Rb3 Rb6 28. Ke2 Rxb3 29. axb3 g5 30. Ke3 Kf6 31. Ke4 h5 32. Rc5 h4 33. Ra5
g4 34. Rxa6 1-0

[Event "aut_ychg14 Deutschlandsberg"]
[Site "Deutschlandsberg, Laßnitzhaus"]
[Date "2006.??.??"]
[Round "5.3"]
[White "Berghofer, Anja"]
[Black "Steininger, Sandra"]
[Result "0-1"]
[WhiteElo "1589"]
[BlackElo "1631"]
[PlyCount "33"]
[EventDate "2006.06.03"]

1. e4 e6 2. d4 d5 3. Nd2 Nc6 4. Bb5 Bd7 5. Ne2 Bb4 6. c3 Ba5 7. O-O Nge7 8.
exd5 Nxd5 9. b4 Bb6 10. c4 Ndxb4 11. c5 Ba5 12. a3 Nd5 13. Nc4 Nc3 14. Nxc3
Bxc3 15. Bxc6 Bxa1 16. Bxd7+ Qxd7 17. h3 0-1

[Event "aut_ychg14 Deutschlandsberg"]
[Site "Deutschlandsberg, Laßnitzhaus"]
[Date "2006.??.??"]
[Round "5.4"]
[White "Bauer, Marie-Christine"]
[Black "Vergeiner, Sandra"]
[Result "1-0"]
[WhiteElo "1510"]
[BlackElo "1368"]
[PlyCount "65"]
[EventDate "2006.06.03"]

1. e4 e5 2. Nf3 Nc6 3. d4 exd4 4. Nxd4 Bc5 5. Be3 Bb6 6. c3 Nf6 7. Nd2 d6 8. g3
Qe7 9. Bg2 d5 10. exd5 Nxd4 11. cxd4 Bxd4 12. Qa4+ Bd7 13. Qxd4 O-O 14. O-O c6
15. d6 Qe8 16. Rfe1 Qc8 17. Ne4 Nxe4 18. Qxe4 Re8 19. Qd4 f6 20. Rad1 Bg4 21.
f3 Be6 22. b3 c5 23. Qxc5 Qxc5 24. Bxc5 Rad8 25. f4 Bg4 26. Rxe8+ Rxe8 27. Rd2
Rd8 28. Bxb7 a5 29. Ba3 Rb8 30. d7 Rd8 31. Bc6 Kf7 32. Kf2 Ke6 33. Kg2 1-0

[Event "aut_ychg14 Deutschlandsberg"]
[Site "Deutschlandsberg, Laßnitzhaus"]
[Date "2006.??.??"]
[Round "5.5"]
[White "Windhager, Vanessa"]
[Black "Wunderl, Eva"]
[Result "1/2-1/2"]
[WhiteElo "1200"]
[BlackElo "1267"]
[PlyCount "42"]
[EventDate "2006.06.03"]

1. e4 e5 2. Nf3 Nc6 3. Bb5 Nf6 4. Nc3 d6 5. d3 a6 6. Ba4 b5 7. Bb3 Bg4 8. Bg5
Be7 9. h3 Bh5 10. g4 Bg6 11. Nd5 Nxd5 12. Bxd5 Qd7 13. Bxe7 Kxe7 14. d4 Rad8
15. c3 Rhe8 16. Nh4 exd4 17. Nxg6+ hxg6 18. cxd4 Nb4 19. Bb3 Kf8 20. Qf3 c5 21.
dxc5 dxc5 1/2-1/2

[Event "aut_ychb12 Deutschlandsberg"]
[Site "Deutschlandsberg, Laßnitzhaus"]
[Date "2006.??.??"]
[Round "6.1"]
[White "Liao, Kevin"]
[Black "Schnegg, Martin"]
[Result "0-1"]
[WhiteElo "1525"]
[BlackElo "1747"]
[PlyCount "134"]
[EventDate "2006.06.03"]

1. Nf3 c5 2. b3 Nf6 3. Bb2 b6 4. g3 Bb7 5. Bg2 d5 6. d3 e6 7. Nbd2 Nc6 8. O-O
Bd6 9. c4 O-O 10. Rc1 d4 11. e3 dxe3 12. fxe3 Nb4 13. Bxf6 Qxf6 14. Ne1 Qe7 15.
Bxb7 Qxb7 16. a3 Nc6 17. Qf3 Qc7 18. Nc2 Ne5 19. Qe2 Rad8 20. Ne4 Be7 21. Rcd1
f5 22. Nc3 a6 23. d4 Nf7 24. d5 Ng5 25. dxe6 Qc6 26. Nd5 Qxe6 27. Nc7 Qc6 28.
Nd5 Rd7 29. Qg2 Ne4 30. Rxf5 Rxf5 31. Qxe4 Rfxd5 32. cxd5 Qd6 33. Qf4 Qg6 34.
e4 Bd6 35. Qf5 Qxf5 36. exf5 Kf7 37. Re1 Kf6 38. g4 Be5 39. Rd1 Bc3 40. Kg2 Ke5
41. Ne3 b5 42. d6 Rxd6 43. Rxd6 Kxd6 44. Kf3 Bd4 45. h4 Bxe3 46. Kxe3 Ke5 47.
a4 h5 48. f6 Kxf6 49. gxh5 Ke5 50. h6 gxh6 51. h5 bxa4 52. bxa4 c4 53. Kd2 a5
54. Kc3 Kd5 55. Kc2 Kd4 56. Kd2 c3+ 57. Kc2 Kc4 58. Kc1 Kc5 59. Kb1 Kb4 60. Kc2
Kc4 61. Kc1 Kb3 62. Kb1 Kxa4 63. Kc2 Kb4 64. Kc1 a4 65. Kc2 Kc4 66. Kc1 Kd3 67.
Kb1 a3 0-1

[Event "aut_ychb12 Deutschlandsberg"]
[Site "Deutschlandsberg, Laßnitzhaus"]
[Date "2006.??.??"]
[Round "6.2"]
[White "Klocker, Elias"]
[Black "Wertjanz, David"]
[Result "0-1"]
[WhiteElo "1539"]
[BlackElo "1743"]
[PlyCount "152"]
[EventDate "2006.06.03"]

1. e4 c5 2. Nf3 d6 3. d4 cxd4 4. Nxd4 Nf6 5. Nc3 a6 6. f3 e5 7. Nb3 Be6 8. Be3
Be7 9. Qd2 Nbd7 10. O-O-O O-O 11. g4 b5 12. g5 Nh5 13. Rg1 Nb6 14. Qf2 Nc4 15.
Nd5 Bxd5 16. Rxd5 Nxe3 17. Qxe3 Nf4 18. h4 Nxd5 19. exd5 Qd7 20. Bd3 Qa7 21.
Qe1 f5 22. gxf6 Bxf6 23. h5 Bh4 24. Qd1 Qe3+ 25. Nd2 Bg5 26. Rf1 Qxd2+ 27. Qxd2
Bxd2+ 28. Kxd2 Rf4 29. Be4 Raf8 30. Ke2 Rh4 31. Rd1 Rxh5 32. Ke3 Rh2 33. Ra1
Rc8 34. Rc1 h5 35. Rg1 h4 36. Rg6 Rd8 37. Rg5 Rf8 38. Rg6 Rf6 39. Rg5 h3 40.
Rg1 Rg2 41. Rxg2 hxg2 42. Kf2 g5 43. Kxg2 Rf4 44. Kg3 g4 45. b3 gxf3 46. Bxf3
Rd4 47. Kh3 Rd2 48. Be4 Rd1 49. c4 bxc4 50. bxc4 Rd4 51. Bc2 Rxc4 52. Bb3 Rb4
53. Kg3 Kf7 54. Kf3 Ke7 55. Ke3 Kd7 56. Kd3 Kc7 57. Kc3 Rd4 58. Kc2 Kb6 59. Kc3
Kc5 60. Kc2 Rxd5 61. Bxd5 Kxd5 62. Kd3 e4+ 63. Ke3 Ke5 64. a3 d5 65. a4 d4+ 66.
Kd2 e3+ 67. Kd3 Kd5 68. a5 Kc5 69. Kc2 Kc4 70. Kd1 d3 71. Ke1 e2 72. Kd2 Kd4
73. Ke1 Kc3 74. Kf2 d2 75. Kxe2 Kc2 76. Ke3 d1=Q 0-1

[Event "aut_ychb12 Deutschlandsberg"]
[Site "Deutschlandsberg, Laßnitzhaus"]
[Date "2006.??.??"]
[Round "6.3"]
[White "Kessler, Luca"]
[Black "Duan, Felix"]
[Result "1-0"]
[WhiteElo "1663"]
[BlackElo "1372"]
[PlyCount "47"]
[EventDate "2006.06.03"]

1. e4 c5 2. Nc3 Nc6 3. d3 d6 4. Be3 Nf6 5. g3 g6 6. Qd2 Bg7 7. Bh6 O-O 8. Bxg7
Kxg7 9. Bg2 Bd7 10. Nge2 Qc8 11. O-O Bh3 12. f4 Bxg2 13. Kxg2 e6 14. h3 b6 15.
g4 Qb7 16. Ng3 Nd4 17. Nce2 Rac8 18. Kh2 e5 19. fxe5 dxe5 20. Qg5 Rc6 21. Nxd4
exd4 22. Rxf6 Rxf6 23. Nh5+ Kh8 24. Qxf6+ 1-0

[Event "aut_ychb12 Deutschlandsberg"]
[Site "Deutschlandsberg, Laßnitzhaus"]
[Date "2006.??.??"]
[Round "6.4"]
[White "Cortolezis, Leander"]
[Black "Posch, Florian"]
[Result "0-1"]
[WhiteElo "1523"]
[BlackElo "1396"]
[PlyCount "66"]
[EventDate "2006.06.03"]

1. e4 e5 2. Nf3 Nc6 3. Bb5 d6 4. O-O Nf6 5. Re1 Bg4 6. h3 Bh5 7. c3 a6 8. Ba4
b5 9. Bc2 Be7 10. d4 Bxf3 11. Qxf3 exd4 12. cxd4 Nxd4 13. Qc3 Nxc2 14. Qc6+ Nd7
15. Qxc2 O-O 16. Nc3 Nf6 17. Bg5 b4 18. Nd5 Nxd5 19. Bxe7 Nxe7 20. Rad1 Qb8 21.
e5 dxe5 22. Rxe5 Ng6 23. Rc5 Ra7 24. Qc4 Re8 25. Rc6 Ne5 26. Qxa6 Rxa6 27. Rxa6
h6 28. Ra5 Nc4 29. Rc5 Nxb2 30. Rd7 c6 31. g3 Re1+ 32. Kg2 Qb6 33. Rf5 f6 0-1

[Event "aut_ychb12 Deutschlandsberg"]
[Site "Deutschlandsberg, Laßnitzhaus"]
[Date "2006.??.??"]
[Round "6.5"]
[White "Steiner, Lucia"]
[Black "Kammerer, Gernot"]
[Result "0-1"]
[WhiteElo "1403"]
[BlackElo "1626"]
[PlyCount "106"]
[EventDate "2006.06.03"]

1. e4 c5 2. Nf3 d6 3. Bb5+ Bd7 4. Bxd7+ Qxd7 5. Nc3 Nc6 6. O-O g6 7. d3 Bg7 8.
Be3 e6 9. Re1 Nge7 10. Qd2 Nd4 11. Qd1 Nec6 12. Nd2 O-O 13. Nb3 b5 14. Rb1 Rab8
15. Ne2 Nxe2+ 16. Rxe2 c4 17. Nd2 cxd3 18. cxd3 Nd4 19. Re1 Rfc8 20. Rc1 Rxc1
21. Qxc1 Rc8 22. Qd1 Nc2 23. Re2 Nxe3 24. Rxe3 Bxb2 25. Nb3 Qc7 26. Re1 Qc2 27.
Qxc2 Rxc2 28. h3 a5 29. Nxa5 Bc3 30. Rb1 Bxa5 31. Rxb5 Rxa2 32. Kf1 Bc3 33. f3
Bd4 34. Rb8+ Kg7 35. Rd8 Rf2+ 36. Kg1 Rxf3+ 37. Kh1 Rxd3 38. Rb8 Be5 39. Rb1
Re3 40. Rd1 Bg3 41. Kg1 Re1+ 42. Rxe1 Bxe1 43. Kf1 Kf6 44. Kxe1 Ke5 45. Ke2
Kxe4 46. Kf2 d5 47. Ke2 d4 48. Kd2 d3 49. h4 h5 50. g3 e5 51. Kd1 Ke3 52. Ke1
d2+ 53. Kd1 f5 0-1

[Event "aut_ychb12 Deutschlandsberg"]
[Site "Deutschlandsberg, Laßnitzhaus"]
[Date "2006.??.??"]
[Round "6.6"]
[White "Handler, Lukas"]
[Black "Buchner, Gernot"]
[Result "1-0"]
[WhiteElo "1444"]
[BlackElo "1499"]
[PlyCount "107"]
[EventDate "2006.06.03"]

1. d4 c6 2. c4 d5 3. Nc3 Bf5 4. Nf3 e6 5. Bf4 Nf6 6. e3 h6 7. h3 Bd6 8. Bxd6
Qxd6 9. Bd3 Bxd3 10. Qxd3 O-O 11. O-O Nbd7 12. Rac1 a6 13. c5 Qc7 14. Rc2 e5
15. dxe5 Nxe5 16. Nxe5 Qxe5 17. b4 Qe7 18. Ne2 Qe4 19. Qd2 Rfd8 20. Nd4 Nd7 21.
Re1 Nf6 22. Qc3 Rd7 23. Rce2 Rad8 24. Nb3 Qe7 25. Nd4 Ne4 26. Qb2 Ng5 27. Nf5
Qf6 28. Qxf6 gxf6 29. Nxh6+ Kh7 30. Nf5 Rg8 31. Kf1 Rg6 32. Rd1 Ne4 33. Rc2 Rd8
34. a3 Rdg8 35. Ne7 Rxg2 36. Nxg8 Rxg8 37. Rd4 Rg5 38. f3 Rf5 39. Kg2 Rg5+ 40.
Kh2 Ng3 41. Rh4+ Kg7 42. Rg4 Nf1+ 43. Kh1 Rxg4 44. fxg4 Nxe3 45. Re2 Nc4 46. a4
Ne5 47. Kh2 d4 48. Kg3 d3 49. Rd2 Kg6 50. Kf4 Kh6 51. Kf5 Kg7 52. g5 Nf3 53.
gxf6+ Kg8 54. Rxd3 1-0

[Event "aut_ychb12 Deutschlandsberg"]
[Site "Deutschlandsberg, Laßnitzhaus"]
[Date "2006.??.??"]
[Round "6.7"]
[White "Strantz, Joerg"]
[Black "Dalnodar, Bernhard"]
[Result "1/2-1/2"]
[WhiteElo "1375"]
[BlackElo "1620"]
[PlyCount "131"]
[EventDate "2006.06.03"]

1. d4 d5 2. Nf3 Nf6 3. Bf4 c6 4. e3 Bg4 5. Be2 e6 6. Nbd2 Nbd7 7. O-O Be7 8. h3
Bh5 9. c4 O-O 10. Ne5 Bxe2 11. Qxe2 Nxe5 12. dxe5 Nd7 13. cxd5 exd5 14. Qg4 Re8
15. e6 fxe6 16. Qxe6+ Kh8 17. Qg4 Nf6 18. Qf3 Rf8 19. e4 dxe4 20. Nxe4 Nd5 21.
g3 Nxf4 22. gxf4 Qc7 23. f5 g6 24. f6 Bxf6 25. Nxf6 Qf7 26. Rfe1 Qxf6 27. Qxf6+
Rxf6 28. Re7 Raf8 29. Rxb7 Rxf2 30. b3 R2f7 31. Rb4 Rf4 32. Rxf4 Rxf4 33. Rd1
Rf7 34. Rd6 Rc7 35. Kg2 Kg7 36. Kg3 Kf7 37. Kf4 c5 38. Kg5 Kg7 39. Kf4 c4 40.
bxc4 Rxc4+ 41. Ke5 Ra4 42. Rd2 h5 43. Rd7+ Kh6 44. Rd2 Ra3 45. Rh2 g5 46. Kf6
Rf3+ 47. Ke5 Kg6 48. Ke4 Rf4+ 49. Ke3 Rh4 50. Kf2 g4 51. Kg3 Rxh3+ 52. Rxh3
gxh3 53. Kxh3 Kf5 54. Kh4 Ke4 55. Kxh5 Kd4 56. Kg4 Kc4 57. Kf4 Kb4 58. Ke3 Ka3
59. Kd2 Kxa2 60. Kc2 a6 61. Kc3 a5 62. Kc2 a4 63. Kc1 a3 64. Kc2 Ka1 65. Kc1 a2
66. Kc2 1/2-1/2

[Event "aut_ychb12 Deutschlandsberg"]
[Site "Deutschlandsberg, Laßnitzhaus"]
[Date "2006.??.??"]
[Round "6.8"]
[White "Stolzlechner, Andreas"]
[Black "Ly, Daniel"]
[Result "1/2-1/2"]
[WhiteElo "1534"]
[BlackElo "1504"]
[PlyCount "79"]
[EventDate "2006.06.03"]

1. e4 e5 2. Nf3 Nc6 3. Bc4 Nf6 4. Nc3 Bc5 5. d3 d6 6. Bg5 Bg4 7. Nd5 Nd4 8.
Nxf6+ gxf6 9. Bh6 Rg8 10. c3 Bxf3 11. gxf3 Nc6 12. Bd5 Qd7 13. b4 Bb6 14. a4 a6
15. f4 Rg6 16. Qh5 Qg4 17. Qxg4 Rxg4 18. fxe5 fxe5 19. Ke2 Rb8 20. Rag1 Rg6 21.
Rxg6 hxg6 22. h4 Ke7 23. h5 Kf6 24. hxg6 Kxg6 25. Bd2 Ne7 26. Rg1+ Kh7 27. Bxf7
Rf8 28. Rh1+ Kg7 29. Bh6+ Kxf7 30. Bxf8 Kxf8 31. Rh8+ Ng8 32. Rh7 Nf6 33. Rh8+
Ng8 34. Rh7 a5 35. b5 Ke8 36. Rh8 Kf7 37. Rh7+ Ke8 38. Rh8 Kf8 39. Rh7 Nf6 40.
Rh8+ 1/2-1/2

[Event "aut_ychb12 Deutschlandsberg"]
[Site "Deutschlandsberg, Laßnitzhaus"]
[Date "2006.??.??"]
[Round "6.9"]
[White "Hoertnagl, Martin"]
[Black "Riemelmoser, Markus"]
[Result "0-1"]
[WhiteElo "1420"]
[BlackElo "1505"]
[PlyCount "124"]
[EventDate "2006.06.03"]

1. e4 c5 2. d4 cxd4 3. Nf3 d6 4. Nxd4 Nf6 5. c3 Nxe4 6. Qf3 Nf6 7. Bg5 Nbd7 8.
Bd3 e6 9. O-O a6 10. a4 h6 11. Be3 Be7 12. Nd2 Rb8 13. Bxa6 e5 14. Nf5 bxa6 15.
Nxg7+ Kf8 16. Qg3 Nb6 17. Nb3 Bg4 18. Na5 Qc7 19. h3 Kxg7 20. hxg4 Kf8 21. g5
Ne4 22. Qh4 Bxg5 23. Qxe4 Bxe3 24. Qxe3 Nd5 25. Qe4 Nxc3 26. bxc3 Qxa5 27. Rfb1
Rxb1+ 28. Rxb1 Qd8 29. Rb7 h5 30. Ra7 Qb6 31. Rb7 Qd8 32. Qf5 Qe8 33. Rc7 Qe6
34. Qxe6 fxe6 35. Rc6 Ke7 36. Rxa6 Rc8 37. Rb6 Rxc3 38. a5 Ra3 39. a6 Kd7 40.
f3 Kc7 41. Rb2 Rxa6 42. g4 hxg4 43. fxg4 Ra8 44. g5 Rg8 45. Rg2 Kd7 46. Kf2 Ke7
47. Ke3 Kf7 48. Rd2 d5 49. Rf2+ Kg6 50. Rf6+ Kxg5 51. Rxe6 Kf5 52. Rd6 Rg3+ 53.
Kf2 Rd3 54. Ke2 Ke4 55. Rg6 Kd4 56. Rg4+ e4 57. Kf2 Rd2+ 58. Ke1 Kd3 59. Kf1 d4
60. Rg2 Rxg2 61. Kxg2 Kd2 62. Kf2 e3+ 0-1

[Event "aut_ychb12 Deutschlandsberg"]
[Site "Deutschlandsberg, Laßnitzhaus"]
[Date "2006.??.??"]
[Round "6.10"]
[White "Kainz, Jakob"]
[Black "Pilsan, Aaron"]
[Result "0-1"]
[WhiteElo "1283"]
[BlackElo "1459"]
[PlyCount "76"]
[EventDate "2006.06.03"]

1. e4 e5 2. Nf3 Nc6 3. Nc3 Nf6 4. d4 exd4 5. Nxd4 Bb4 6. Nxc6 bxc6 7. Bd3 d5 8.
Bd2 O-O 9. exd5 cxd5 10. a3 Bd6 11. Bg5 c6 12. O-O Be6 13. Re1 Rb8 14. Rb1 Be7
15. Qf3 Re8 16. Qg3 Nh5 17. Bxe7 Qxe7 18. Qf3 Nf6 19. Re5 h6 20. b4 Qd6 21.
Rbe1 Bd7 22. Rxe8+ Rxe8 23. Rxe8+ Nxe8 24. Ne2 Nf6 25. h3 Qe5 26. c3 Be6 27.
Nd4 Bd7 28. Qd1 Kf8 29. c4 Qxd4 30. Qc2 Qa1+ 31. Kh2 Qxa3 32. Qb1 Qc3 33. cxd5
Nxd5 34. b5 Qb4 35. Qxb4+ Nxb4 36. bxc6 Nxd3 37. cxd7 Ke7 38. f3 a5 0-1

[Event "aut_ychb14 Deutschlandsberg"]
[Site "Deutschlandsberg, Laßnitzhaus"]
[Date "2006.??.??"]
[Round "6.1"]
[White "Hartl, Daniel"]
[Black "Azad, Razik"]
[Result "1-0"]
[WhiteElo "1865"]
[BlackElo "1846"]
[PlyCount "91"]
[EventDate "2006.06.03"]

1. e4 c5 2. Nf3 d6 3. c3 Nf6 4. Be2 e6 5. O-O Be7 6. Re1 O-O 7. Bf1 Nc6 8. d4
cxd4 9. cxd4 d5 10. e5 Ne4 11. Bd3 Ng5 12. Nxg5 Bxg5 13. f4 Be7 14. Re3 Qb6 15.
Bxh7+ Kxh7 16. Qh5+ Kg8 17. Rh3 f6 18. Qh7+ Kf7 19. Qh5+ Kg8 20. Qh7+ Kf7 21.
Qh5+ g6 22. Qh7+ Ke8 23. Qxg6+ Kd7 24. Nc3 fxe5 25. fxe5 Qxd4+ 26. Be3 Qxe5 27.
Rd1 Qf5 28. Qg3 Bd6 29. Qe1 a6 30. Na4 Ke8 31. Nb6 Rb8 32. Bh6 Rg8 33. Kh1 Qg4
34. Rd2 Ne7 35. a3 Bd7 36. Rh4 Qg6 37. Bf4 Bxf4 38. Rxf4 Bc6 39. g3 d4+ 40. Kg1
Nf5 41. Re2 Kf7 42. Rxf5+ exf5 43. Re7+ Kf8 44. Qb4 Rd8 45. Rd7+ Qd6 46. Qxd6+
1-0